El cómic y la fotonovela en el aula / (Record no. 102876)

MARC details
000 -CABECERA
campo de control de longitud fija 00779nam a2200241 a 4500
005 - FECHA Y HORA DE LA ÚLTIMA TRANSACCIÓN
campo de control 20240807063813.0
008 - ELEMENTOS DE LONGITUD FIJA--INFORMACIÓN GENERAL
campo de control de longitud fija 031105s1992 es r 000 0 spa d
020 ## - NÚMERO INTERNACIONAL NORMALIZADO PARA LIBROS
Número Internacional Estándar del Libro 8479600470
035 ## - NÚMERO DE CONTROL DEL SISTEMA
Número de control de sistema UPN01000130719
049 ## - COLECCIÓN
Colección CG
050 #4 - SIGNATURA TOPOGRÁFICA DE LA BIBLIOTECA DEL CONGRESO
Número de clasificación PN6710
Número de documento/Ítem A6.3 1992
100 1# - ASIENTO PRINCIPAL--NOMBRE PERSONAL
Nombre de persona Aparici, Roberto
9 (RLIN) 28734
245 13 - MENCIÓN DE TÍTULO
Título El cómic y la fotonovela en el aula /
Mención de responsabilidad, etc. Roberto Aparici.
250 ## - MENCIÓN DE EDICIÓN
Mención de edición 2a ed.
260 ## - PUBLICACIÓN, DISTRIBUCIÓN, ETC.
Lugar de publicación, distribución, etc. Madrid :
Nombre del editor, distribuidor, etc. Ediciones de la Torre,
Fecha de publicación, distribución, etc. 1992.
300 ## - DESCRIPCIÓN FÍSICA
Extensión 180 p. :
Otras características físicas il.
440 #0 - MENCIÓN DE SERIE/ASIENTO SECUNDARIO--TÍTULO
Título Proyecto didáctico Quirón ;
Designación de volumen o secuencia 39
590 ## - NOTA LOCAL (RLIN)
Nota local También puedes solicitar un ejemplar en el Area de Reserva
590 ## - NOTA LOCAL (RLIN)
Nota local Bibliografía Básica (BGTQ)
650 #7 - ASIENTO SECUNDARIO DE MATERIA - TERMINO TEMATICO
Término de materia o nombre geográfico como elemento de entrada Tiras cómicas, historietas, etc.
Fuente del encabezamiento o término
9 (RLIN) 5861
650 #4 - ASIENTO SECUNDARIO DE MATERIA - TERMINO TEMATICO
Término de materia o nombre geográfico como elemento de entrada FOTONOVELA -
Subdivisión general HISTORIA Y CRITICA
9 (RLIN) 13349
905 ## - TIPO DE MATERIAL
Tipo de material Libro
Holdings
Estado de retiro Estado de pérdida Fuente del sistema de clasificación o colocación Estado dañado No para préstamo Código de colección Localización permanente Ubicación/localización actual Ubicación en estantería Total de préstamos Clasificación Código de barras Fecha visto por última vez Número de copia Tipo de ítem Koha Restricciones de uso Fecha de adquisición
    Library of Congress Classification     Colección General Bib. Gregorio Torres Quintero Bib. Gregorio Torres Quintero Planta baja 21 PN6710 A6.3 1992 217804 31/12/2020 1 Libro    
    Library of Congress Classification     Colección General Bib. Gregorio Torres Quintero Bib. Gregorio Torres Quintero Planta baja 9 PN6710 A6.3 1992 228939 31/12/2020 1 Libro    
    Library of Congress Classification     Colección General Bib. Gregorio Torres Quintero Bib. Gregorio Torres Quintero Planta baja 13 PN6710 A6.3 1992 213838 31/12/2020 1 Libro    
    Library of Congress Classification     Colección General Bib. Gregorio Torres Quintero Bib. Gregorio Torres Quintero Planta baja 18 PN6710 A6.3 1992 218043 31/12/2020 1 Libro    
    Library of Congress Classification     Bibliografía básica Bib. Gregorio Torres Quintero Bib. Gregorio Torres Quintero Colecciones especiales Planta alta   PN6710 A6.3 1992 217806 31/12/2020 1 Libro por horas Préstamo por horas 30/01/2023
    Library of Congress Classification     Colección General Bib. Gregorio Torres Quintero Bib. Gregorio Torres Quintero Planta baja 22 PN6710 A6.3 1992 217805 31/12/2020 1 Libro